| 000 | 00707nam a2200277 a 4500 | ||
|---|---|---|---|
| 003 | AR-BaBNM | ||
| 005 | 20251128204556.0 | ||
| 008 | 082120s2002 ||||||||||||||000 | spa|| | ||
| 020 | _a84-236-2557-5 | ||
| 040 | _cAR-BaBNM | ||
| 100 | 1 | _aBufalari, Giuseppe | |
| 245 | 0 | 0 | _aLa barca amarilla |
| 260 |
_aBarcelona _bEdebé _c1966 |
||
| 300 |
_a118 p. _bil. |
||
| 490 | 0 |
_aPeriscopio _vv. 2 |
|
| 650 | 4 | _aLITERATURA ITALIANA | |
| 650 | 4 | _aESCRITORES | |
| 650 | 4 | _aCUENTOS DE AVENTURAS | |
| 650 | 4 | _aNOVELAS | |
| 650 | 4 | _aLITERATURA CONTEMPORANEA | |
| 655 | _aLITERATURA | ||
| 700 | 1 |
_aDaho, Marta _etraductor |
|
| 700 | 1 |
_aCañas Cortázar, Alicia _eilustrador |
|
| 942 | _cBK | ||
| 998 | _cMARTIN | ||
| 999 |
_c7983 _d7983 |
||